000 00574nam a22001817a 4500
010 _aENG-113220
020 _a9788180828107
_c395.00
035 _aEN-96752
037 _bDBAD/PUB
082 _a270.72
100 _aNomani, Maulana Yahya
245 _aThe truth about Jihad /
_cby Maulana Yahya Nomani; translated by Yoginder Sikand
260 _aNew Delhi
_bVitasta Publishing
_c2014
270 _a2/15, Ansari Road, Daryaganj
_bNew Delhi
_e110002
300 _axviiii,166p.
_c22cm(Hb)
700 _aSikand, Yoginder
942 _2ddc
_cEN
_mNOM
_h270.72
999 _c93933
_d93933